| 000 | 00908nam a2200229Ii 4500 | ||
|---|---|---|---|
| 003 | JO-AjNU | ||
| 008 | 230605s9999||||xx |||||||||||||| ||und|| | ||
| 017 | _a2020/10/4552 | ||
| 020 | _a978-9957-35-479-4 | ||
| 040 |
_aJO-AjNU _bara _erda _cJO-AjNU |
||
| 041 | _aara | ||
| 050 | 1 | 4 | _aDP99 2022 |
| 100 | 3 |
_aالحسيني، قاسم عبد سعدون, _eauthor _962761 |
|
| 245 | 0 | 0 | _aحركة الاسترداد الاسبانية(اليكونيكسيستا):الانتصار والهزيمة وتحولات المسار (541-897هـ /1146-1492م)، ج3 |
| 250 | _aط1 | ||
| 264 | 3 | 1 | _aعمان: مركز الكتاب الاكاديمي، 2022 |
| 300 | _aج3: 290ص | ||
| 336 |
_atext _btxt _2rdacontent |
||
| 337 |
_aunmediated _bn _2rdamedia |
||
| 338 |
_avolume _bnc _2rdacarrier |
||
| 650 | 4 |
_aالموحدين في الاندلس-الهزائم الاسلامية-تاريخ الاندلس _962762 |
|
| 999 |
_aA28435 _c32003 _d32003 |
||